Documento que contiene el informe de la reunión celebrada en La Catalina, Heredia, Costa Rica, del 23 al 27 de octubre de 1978
Kaydedildi:
| Müşterek Yazar: | |
|---|---|
| Materyal Türü: | Metin |
| Baskı/Yayın Bilgisi: |
San Pedro de M. de O.:
UCR. IIS
|
| Konular: | |
| Etiketler: |
Etiketle
Etiket eklenmemiş, İlk siz ekleyin!
|
MARC
| LEADER | 00000 a a2200000 04500 | ||
|---|---|---|---|
| 001 | 15686 | ||
| 003 | |||
| 040 | |||
| 090 | |a 013700 | ||
| 110 | |a UCR. IIS. Equipo de Investigación de los Movimientos Laborales en Centroamérica | ||
| 245 | |a Documento que contiene el informe de la reunión celebrada en La Catalina, Heredia, Costa Rica, del 23 al 27 de octubre de 1978 | ||
| 260 | |a San Pedro de M. de O.: |b UCR. IIS | ||
| 300 | |a 20 p. | ||
| 650 | |a MOVIMIENTOS SOCIALES | ||
| 999 | |c 5422 |d 5422 | ||
